000 00213nam a22000857a 4500
008 161121b xxu||||| |||| 00| 0 eng d
100 _91299
_aCBSE
245 _aF.A. School Health Manuel
260 _aNew Delhi
_bCBSE
_c2010
999 _c4007
_d4007